| 000 | 00598nam a2200157Ia 4500 | ||
|---|---|---|---|
| 008 | 100122s9999 xx 000 0 und d | ||
| 082 |
_b70770 _a928 |
||
| 100 | _aबेडेकर विश्रांम | ||
| 245 | _aएक झाड आणि दोन पक्षी (क.क्र.14/1 ) | ||
| 250 | _a5 | ||
| 260 |
_bपॉप्युलर प्रकाशन _c2006 |
||
| 300 | _a315 | ||
| 630 | _aएक झाड आणि दोन पक्षी (क.क्र.14/1 ) | ||
| 730 | _aएक झाड आणि दोन पक्षी (क.क्र.14/1 ) | ||
| 942 | _cBOOK | ||
| 999 |
_c441553 _d441550 |
||